Petit Bac - Lettre A - Statistiques

Statistiques générales
  • Ce quiz a été pris 19 212 fois
    15 675 depuis la dernière actualisation
  • Le résultat moyen est 8 sur 10
Statistiques - réponses
Catégories Réponses en A % Correct
Prénom Adélaïde / Adèle / Adeline / Adriana / Agathe / Agnès / Aïcha / Alaïs / Albane / Alex / Alexandra / Alexia / Alice / Alicia / Aline / Alison / Alissa / Alissia / Alix / Alizée / Alyssa / Alyssia / Amandine / Amber / Ambre / Amélie / Anabelle / Anaelle / Anaïs / Anceline / Andréa / Angelina / Angèle / Anne / Anouck / Ariane / Ariella / Arielle / Armelle / Assia / Astride / Aude / Audrey / Aurélia / Aurore / Ava / Axelle / Aziza / Aaron / Abel / Abraham / Achille / Adam / Adrien / Aimé / Alain / Alan / Alban / Alberic / Albert / Alcest / Aldo / Aldric / Alex / Alexandre / Alexis / Alfred / Ali / Alistair / Aloys / Alphonse / Alonzo / Amaury / Ambroise / Amedée / Amine / Anatole / André / Andrea / Ange / Anselme / Anthony / Antoine / Antonin / Aristide / Armand / Arnaud / Arthur / Athanase / Auguste / Augustin / Aurélien / Axel / Aymeric / Ayoub / Amina
100%
Pays Afghanistan / Afrique du Sud / Albanie / Algérie / Allemagne / Andorre / Angola / Anguilla / Antarctique / Antigua et Barbuda / Arabie Saoudite / Argentine / Arménie / Aruba / Australie / Autriche / Azerbaïdjan
97%
Animal Abeille / Addax / Agneau / Aï / Aigle royal / Aigrette / Alligator / Amaryllis / Amazone / Anaconda / Âne / Anémone / Anguille / Antilope / Ara / Araignée / Arapaïma / Argiope / Argonaute / Arowana / Atèle / Atlas / Aurochs / Aurore / Autruche / Arlequin / Alpaga / Anchois / Alouette / Antilope / Aigle / Albatros / Axolotl
93%
Fruit ou légume Ail / Artichaut / Asperge / Aubergine / Avocat / Amande / Abricot / Ananas / Anone
93%
Objet Allumette / Ampoule / Anneau / Antenne / Arc / Ardoise / Arme / Armoire / Arrosoir / Aspirateur / Assiette / Avion / Ancre / Arbalète / Alarme / Armure / Aiguille / Appareil photo / Amulette / Aimant / Argent / Aquarium / agenda / Accordéon / Arche / Anse / Avion en papier / Agrafeuse / Affiche / Allumettes / Alambic / Arbre à chat / Accoudoir / Abat-jour / Automobile / Arme à feu / Anorak / Amphore / Attache / Album / Atlas / Annuaire / Alliance / Attrape rêve / Anneaux / Ascenseur / Appareil / Appât / Aérosol / Ambre / Attelle / Arceau / Aluminium / Atèle / alambique / Agrafe / Ampoules / Almanach / Auge / Abreuvoir / Abris / Appareil dentaire / Armes / Armature / Allume feu / Adaptateur / Autel / Altère / Aile / Allume cigare / Alèse / archet / Album photo / Arc à flèche / ambulance / Aviron / Argenterie / Attrape mouche / Artefact / Amplificateur / Arbre en plastique / Assiette / Autocollant / Aileron / Appareil à raclette / Ampli / Abécédaire / Antivol / Aube / Automate / Aiment / Ampèremètre
91%
Marque Acer / Actes sud / Activision / Activision Blizzard / AEG / Albin Michel / Alcatel / Ankama / Apple / Archos / Asmodée / Assimil / Asus / Atalante / Atlas / Audio-Technica / Amazon / Abarth / Audi / Alpine / Alfa Romeo / Aston Martin / Adidas / Auchan / Anastasia Beverly Hills / Abercrombie / Armani / Adidas / Amora / Armand Thierry
89%
Métier Astronaute / Acheteur / Acteur / Agriculteur / Ambulancier / Arbitre / Architecte / Auteur / Avocat / Acrobate / Agent immobilier / Accessoiriste / Accordeur / Acheteur / Acousticien / Acrobate / Acteur / Actuaire / Acupuncteur / Adjoint / Administrateur / Apiculteur / Analyste / Aiguilleur / Assistant / Archéologue / Anesthésiste / Arboriculteur / Armateur / Aviateur
89%
Sport aïkido / alpinisme / aquathlon / athlétisme / aviron / Accro sport / Aquagym / Accrobranche / Aérobic
76%
Partie du corps Abdomen / Abducteur / Adducteur / Alvéole pulmonaire / Amygdale / Annulaire / Anus / Aorte / Apophyse mastoïdienne / Appendice / Arcade sourcilière / Artère / Astragale / Atlas / Auriculaire / Avant-bras / Axis / Articulation / Aisselle / Aine / Arcade / Aine
73%
Vêtement aba / abacost / abadá / abaï / abaya / abolla / abrok / affublement / aile / alburno / amauti / amict / amphimelle / ampli / andrienne / angusticlave / anorak / ao dai / apollon / armiak / ascot / aube / auto-coat / autocoat
46%
Aucun quiz correspondant
Distribution des résultats
% des personnes avec chaque résultat
Percentile par nombre de réponses
Votre historique - résultats
Vous n’avez pas pris ce quiz depuis la dernière actualisation